Asian Geography by Letter - X - Statistics

General Stats
  • This quiz has been taken 78 times
  • The average score is 6 of 20
Answer Stats
Hint Answer % Correct
Current president of China Xi Jinping
100%
City considered one of China's four Great Ancient Capitals Xi'an
85%
King of the Achaemenid Persian Empire who invaded Greece Xerxes I
64%
Chinese city of over 5 million and the island at its core Xiamen
64%
Spanish Catholic missionary who led the first Christian mission to Japan Francis Xavier
49%
Region of China that is the homeland of the Uyghurs Xinjiang
44%
Mythical region of wealth based off Shangdu, the capital of China's Yuan dynasty Xanadu
34%
Capital of the Qinghai province of China Xining
23%
Ancient Greek military leader, philosopher, and historian, who commanded a Greek mercenary army of the Achaemenid Empire Xenophon
16%
Another city of over 6 million in Henan province, China Xinxiang
16%
City of over 5 million in Hubei province, China Xiangyang
13%
City of over 5 million in the metro area of the above Xianyang
11%
City of over 7 million in Hebei province, China Xingtai
11%
City of over 6 million in Henan province, China Xinyang
10%
Language spoken by just under 1 million people mostly in Hunan province, southern China Xong
7%
City of over 2 million in Hunan province, China Xiangtan
5%
City of over 4 million in Henan province, China Xuchang
5%
Name of the above city from 1950-2010 Xiangfan
3%
Genre of Vietnamese folk music performed in the spring xoan
3%
Theropod dinosaur discovered in China; its names means "grand pass dragon" in Mandarin Xiongguanlong
2%
No matching quizzes found
Score Distribution
Percent of People with Each Score
Percentile by Number Answered
Your Score History
You have not taken this quiz